|
|
|
|
| LEADER |
00985nam a22002297a 4500 |
| 001 |
AAL7504 |
| 003 |
BD-DhAAL |
| 005 |
20160126124318.0 |
| 008 |
160126s 2010bd a|||| b||| 00| 0 ben d |
| 020 |
|
|
|a 9847026400633
|
| 082 |
|
|
|a 954.92
|
| 100 |
|
|
|a হুমায়ুন, রফিকুজ্জামান
|9 17580
|
| 245 |
|
|
|a একাত্তরের মুক্তিযুদ্ধ /
|c রফিকুজ্জামান হুমায়ুন
|
| 260 |
|
|
|a ঢাকা :
|b জনতা প্রকাশ,
|c ২০১০.
|
| 300 |
|
|
|a ১৭৬ পৃ. :
|b চিত্র ;
|c ২২ সে.মি.
|
| 504 |
|
|
|6 Includes bibliography
|
| 541 |
|
|
|e 7504
|
| 650 |
|
|
|a History
|z Bangladesh
|9 17581
|
| 651 |
|
|
|a Bangladesh
|x History
|x Revolution
|y 1971
|9 17582
|
| 942 |
|
|
|2 ddc
|c BK
|
| 999 |
|
|
|c 36689
|d 36689
|
| 952 |
|
|
|0 0
|1 0
|2 ddc
|4 0
|6 954_920000000000000_HUM
|7 0
|9 57719
|a SCL
|b SCL
|c GEN
|d 2016-01-26
|g 175.00
|l 11
|m 3
|o 954.92 HUM
|p 3020007504
|r 2025-05-06
|s 2025-04-23
|t 1
|w 2016-01-26
|y BK
|